Innovation For Value And Mission An Introduction To Innovation Management And Policy Innovation For Value And Mission (Record no. 42832)
[ view plain ]
| 000 -LEADER | |
|---|---|
| fixed length control field | 00395nam a2200121Ia 4500 |
| 008 - FIXED-LENGTH DATA ELEMENTS--GENERAL INFORMATION | |
| fixed length control field | 241028s9999 xx 000 0 und d |
| 041 ## - LANGUAGE CODE | |
| Language code of text/sound track or separate title | eng |
| 082 ## - DEWEY DECIMAL CLASSIFICATION NUMBER | |
| Classification number | 658.406 BIL |
| 100 ## - MAIN ENTRY--PERSONAL NAME | |
| Personal name | Van Biljon, Peet |
| 245 ## - TITLE STATEMENT | |
| Title | Innovation For Value And Mission An Introduction To Innovation Management And Policy Innovation For Value And Mission |
| 260 ## - PUBLICATION, DISTRIBUTION, ETC. | |
| Name of publisher, distributor, etc. | De Gruyter |
| Place of publication, distribution, etc. | Boston |
| Date of publication, distribution, etc. | 2022 |
| 300 ## - PHYSICAL DESCRIPTION | |
| Extent | 335;. P. 24 cm |
No items available.